00856nam a2200169 a 450000100100000000500170001000800410002704000250006808200150009311101250010824501770023324600800041026000360049030000280052670000440055471000880059800004455320250701130548.0140714s2011 dr a 000 0 spa d aDO-SdBNPbspacBNPHU axxxxbxxxx2 aVII congreso internacional interdisciplinario de investigación científican(8vo :d9-10 de jun. 2011cSanto Domingo)10aVII congreso internacional interdisciplinario de investigación científica /cpresentación ; Ligia Amada Melo de Cardona ; introdución Carlos Ml. Rodríguez Peña.10a8 congreso internacional interdisciplinario de investigación científica aSanto Domingo :bMESCYT,c2011. a110 p. :bil. ;c28 cm.12aRodríguez Peña, Carlos Ml.eintrod.1 aRepública Dominicana.bMinisterio de Educación Superior, Ciencia y Tecnología